20 Najwiekszych miast w Europie Wschodniej - Statystyki

Ogólne statystyki
  • Ten quiz został rozwiązany 114 razy
  • Średni wynik to 13 z 20
Statystyki odpowiedzi
Miejsce Miasto % Poprawnych
3. Kijów
98%
6. Warszawa
98%
1. Moskwa
97%
5. Mińsk
92%
8. Praga
84%
13. Ryga
82%
11. Wilno
81%
4. Budapeszt
78%
12. Kraków
78%
7. Charków
76%
19. Tallin
76%
17. Bratysława
74%
14. Lwów
66%
16. Odessa
54%
15. Gdańsk
37%
9. Dniepr
29%
10. Kazań
27%
2. St. Petersburg
24%
20. Sewastopol
6%
18. Nowogród
2%
Nie znaleziono quizów pasujących do podanych kryteriów
Rozkład punktacji
Procent ludzi z każdym wynikiem
Percentyl według liczby udzielonych odpowiedzi
Twoja historia wyników
Nie rozwiązałeś tego quizu